000
00236nam a2200097Ia 4500
008
190216s9999||||xx |||||||||||||| ||und||
100
_a
Muinudheen Nadvi
245
0
_a
Ghulafaye Rashideen
260
_b
Al Islam Publishing House
942
_c
BK
999
_c
1003
_d
1003